000 00605nam a22002417a 4500
003 LK-CoDNM
005 20241121113609.0
008 241015b |||||||| |||| 00| 0 eng d
040 _aLK-CoDNM
_dLK-CoDNM
_eLK-CoDNM
041 _aeng
080 _aPM
_bE2.21
100 _a
245 _aThe Maha Bodhi-1950 ( Vol.58 )
_bNo.11
260 _aCulcutta
_bGouranga press
_c1950
300 _b26p. : ill ; 25 cm
500 _aMonthly magazine
650 _aThe Maha Bodhi-1950 ( Vol.58 )
650 _aNo.11
650 _aPM E2.21
650 _a1950
650 _aMonthly magazine
942 _cBK
999 _c231670
_d231670